| 000 | 01121nam a22002657a 4500 | ||
|---|---|---|---|
| 005 | 20170124102933.0 | ||
| 010 | _a513120 | ||
| 020 | _c4.00 | ||
| 035 | _a513120 | ||
| 037 | _bCen Lib/Ret | ||
| 040 |
_aDPL _bHN |
||
| 082 |
_a150 _bवर्मारा |
||
| 100 |
_aवर्मा, रामपालसिंह _99690 |
||
| 245 |
_aमनोविज्ञान के सम्प्रदाय / _cरामपालसिंह वर्मा |
||
| 246 |
_aManovigyan ke sampradaye / _bby Rampalsingh Verma |
||
| 260 |
_bविनोद पुस्तक मंदिर _aआगरा _c1968 |
||
| 270 |
_aरांगेय राघव मार्ग _bआगरा |
||
| 300 |
_a164पृ. _c20सेमी (सजिल्द) |
||
| 500 | _aग्रन्थ सूची शामिल | ||
| 650 |
_aमनोविज्ञान _945826 |
||
| 650 |
_aविश्लेष्णात्मक मनोविज्ञान _944878 |
||
| 650 |
_aPsychology _945827 |
||
| 650 |
_aAnalytical Psychology _945828 |
||
| 942 |
_2ddc _cHN _h150 _mवर्मारा |
||
| 999 |
_c112091 _d112091 |
||